000 00536nam a2200193Ia 4500
999 _c15120
_d15120
003 OSt
005 20201111110522.0
008 190216s9999||||xx |||||||||||||| ||und||
020 _a8182695597
040 _coclc
082 _a421
_bKRI/S
100 _aKrishnamoorthy, Raghav
_96454
245 0 _aSpelling Power Build A Stong Base /
_cRaghav Krishnamoorty
250 _a1st Ed.
260 _bFusion Books,
_c1970.
_aDelhi:
300 _a176p
650 _aEnglish
942 _cBK
_2ddc
_h421
_iKRI/S
_k421
_mKRI/S